[Event "LSS SA-2022-0-00802"]
[Site "LSS email"]
[Date "2022.06.25"]
[Round "?"]
[White "Massie, James"]
[Black "Mateka, Petr"]
[Result "1/2-1/2"]
[WhiteElo "2054"]
[BlackElo "2107"]
[PlyCount "62"]
[EventDate "2022.05.16"]
[EventType "tourn (corr)"]
[EventRounds "6"]
[EventCountry "GER"]
[SourceTitle "Corr 2024"]
[Source "ChessBase"]
[SourceDate "2023.10.19"]
[SourceVersion "1"]
[SourceVersionDate "2023.10.19"]
[SourceQuality "1"]

1. d4 Nf6 2. c4 e6 3. Nc3 Bb4 4. a3 Bxc3+ 5. bxc3 c5 6. e3 b6 7. Bd3 Bb7 8. f3 Nc6 9. Ne2 0-0 10. 0-0 Na5 11. e4 Ne8 12. dxc5 Ba6 13. Nd4 bxc5 14. Nb5 Bb7 15. a4 d6 16. Bf4 e5 17. Bg3 Qd7 18. Na3 Rb8 19. Nc2 Nf6 20. Ne3 Nh5 21. Qc2 Nxg3 22. hxg3 Rfe8 23. f4 Bc6 24. f5 f6 25. Be2 Kf8 26. Bh5 Rec8 27. Kh2 Rc7 28. Qd3 Rcb7 29. Ra2 Rb2 30. Rxb2 Rxb2 31. g4 h6 1/2-1/2

[Event "LSS SA-2022-0-00802"]
[Site "LSS email"]
[Date "2022.06.24"]
[Round "?"]
[White "Oliger, Mark"]
[Black "Massie, James"]
[Result "1/2-1/2"]
[WhiteElo "2075"]
[BlackElo "2054"]
[PlyCount "41"]
[EventDate "2022.05.16"]
[EventType "tourn (corr)"]
[EventRounds "6"]
[EventCountry "GER"]
[SourceTitle "Corr 2024"]
[Source "ChessBase"]
[SourceDate "2023.10.19"]
[SourceVersion "1"]
[SourceVersionDate "2023.10.19"]
[SourceQuality "1"]

1. e4 e5 2. Nf3 Nc6 3. Bb5 a6 4. Ba4 Nf6 5. 0-0 Nxe4 6. d4 b5 7. Bb3 d5 8. dxe5 Be6 9. c3 Bc5 10. Qd3 0-0 11. Be3 f6 12. exf6 Qxf6 13. Nbd2 Bxe3 14. Qxe3 Nxd2 15. Qxd2 Rad8 16. Rae1 Kh8 17. Nd4 Bg8 18. Nxc6 Qxc6 19. Re7 Rf7 20. Rfe1 Rxe7 21. Rxe7 1/2-1/2

[Event "RB-2019-0-00378"]
[Site "LSS email"]
[Date "2019.10.17"]
[Round "?"]
[White "Massie, James"]
[Black "Ederer, Karel"]
[Result "1/2-1/2"]
[WhiteElo "2038"]
[BlackElo "1984"]
[PlyCount "47"]
[EventDate "2019.08.12"]
[EventType "tourn (corr)"]
[EventRounds "6"]
[EventCountry "GER"]
[SourceTitle "Corr 2022"]
[Source "ChessBase"]
[SourceDate "2021.10.24"]
[SourceVersion "1"]
[SourceVersionDate "2021.10.24"]
[SourceQuality "1"]

1. e4 c5 2. Be2 Nc6 3. f4 g6 4. Nf3 Bg7 5. d3 d6 6. 0-0 Nf6 7. c3 0-0 8. Kh1 b5 9. a3 a5 10. Be3 Rb8 11. Nbd2 a4 12. Rb1 e6 13. d4 c4 14. Ng5 Bb7 15. Bf3 Ne7 16. Qe2 h6 17. Nh3 Nd7 18. g4 Qc7 19. f5 g5 20. Rbe1 Rfe8 21. Qg2 e5 22. d5 f6 23. Ng1 Nc5 24. Bxc5 1/2-1/2

[Event "RB-2019-0-00378"]
[Site "LSS email"]
[Date "2019.10.17"]
[Round "?"]
[White "Massie, James"]
[Black "Koronowski, Heinz Juergen"]
[Result "1/2-1/2"]
[WhiteElo "2038"]
[BlackElo "2043"]
[PlyCount "101"]
[EventDate "2019.08.12"]
[EventType "tourn (corr)"]
[EventRounds "6"]
[EventCountry "GER"]
[SourceTitle "Corr 2022"]
[Source "ChessBase"]
[SourceDate "2021.10.24"]
[SourceVersion "1"]
[SourceVersionDate "2021.10.24"]
[SourceQuality "1"]

1. c4 Nf6 2. a3 e5 3. d3 Nc6 4. Nf3 d5 5. cxd5 Nxd5 6. e3 a5 7. Qc2 Be7 8. b3 0-0 9. Bb2 Qd6 10. Nbd2 Qe6 11. Be2 f5 12. 0-0 Bd7 13. Rfe1 Bd6 14. Bf1 h6 15. Rad1 Rae8 16. d4 e4 17. Ne5 Nce7 18. Ndc4 Ng6 19. Nxa5 b5 20. Nac6 Bxe5 21. Nxe5 Ra8 22. Ra1 Rfb8 23. Nxd7 Qxd7 24. Rec1 Nge7 25. a4 c6 26. axb5 cxb5 27. Qc5 b4 28. Bc4 Kh7 29. Rxa8 Rxa8 30. Ra1 Rxa1+ 31. Bxa1 f4 32. h3 f3 33. Bf1 Nf5 34. Bb5 Qe6 35. Qc6 Nd6 36. Bc4 Qg6 37. Bf1 fxg2 38. Bxg2 Ne7 39. Qd7 Nef5 40. d5 h5 41. Qe6 Qxe6 42. dxe6 Kg8 43. Bd4 Nxd4 44. exd4 g5 45. Kf1 Kg7 46. Ke2 Kf6 47. Ke3 Kxe6 48. Bxe4 Nb5 49. Bf3 h4 50. Ke4 Nc3+ 51. Kd3 1/2-1/2

[Event "RA-2019-0-00632"]
[Site "LSS email"]
[Date "2019.08.20"]
[Round "?"]
[White "Giuliani, Carlo"]
[Black "Massie, James"]
[Result "1/2-1/2"]
[WhiteElo "2186"]
[BlackElo "2039"]
[PlyCount "93"]
[EventDate "2019.07.13"]
[EventType "tourn (corr)"]
[EventRounds "6"]
[EventCountry "GER"]
[SourceTitle "Corr 2022"]
[Source "ChessBase"]
[SourceDate "2021.10.24"]
[SourceVersion "1"]
[SourceVersionDate "2021.10.24"]
[SourceQuality "1"]

1. e4 e5 2. f4 Bc5 3. Nf3 d6 4. c3 Nf6 5. d4 exd4 6. cxd4 Bb6 7. Nc3 0-0 8. e5 dxe5 9. fxe5 Nd5 10. Bg5 Qd7 11. Bc4 Nxc3 12. bxc3 Qc6 13. Qb3 Qe4+ 14. Kf2 Nc6 15. Rae1 Qg6 16. Qd1 Bg4 17. Be3 Rad8 18. Rhf1 Ne7 19. Kg1 Nd5 20. Kh1 Qc6 21. Qd3 Qg6 22. Qxg6 hxg6 23. Bb3 Nxe3 24. Rxe3 Be6 25. Ng5 Bxb3 26. axb3 Rde8 27. Re4 c6 28. g3 Ba5 29. c4 f6 30. exf6 Rxe4 31. Nxe4 gxf6 32. Rxf6 Rxf6 33. Nxf6+ Kf7 34. Ne4 b5 35. Kg2 bxc4 36. bxc4 Bb6 37. c5 Ba5 38. Kf3 Ke6 39. Ke3 Bd8 40. Nc3 g5 41. h3 a5 42. Ke4 Bc7 43. g4 Bg3 44. Kd3 Bf4 45. Kc4 Bd2 46. Na4 Be1 47. Nb6 1/2-1/2

[Event "RA-2019-0-00632"]
[Site "LSS email"]
[Date "2019.08.20"]
[Round "?"]
[White "Massie, James"]
[Black "Sciarretta, Robert W"]
[Result "1-0"]
[WhiteElo "2039"]
[BlackElo "2120"]
[PlyCount "105"]
[EventDate "2019.07.13"]
[EventType "tourn (corr)"]
[EventRounds "6"]
[EventCountry "GER"]
[SourceTitle "Corr 2022"]
[Source "ChessBase"]
[SourceDate "2021.10.24"]
[SourceVersion "1"]
[SourceVersionDate "2021.10.24"]
[SourceQuality "1"]

1. e4 e6 2. c4 d5 3. exd5 exd5 4. d4 Nf6 5. Nc3 Bb4 6. Nf3 0-0 7. Bd3 dxc4 8. Bxc4 Bg4 9. 0-0 Nc6 10. Be3 Qd6 11. Be2 Rad8 12. h3 Be6 13. Qc2 h6 14. a3 Ba5 15. Rad1 Rfe8 16. b4 Bb6 17. Na4 Nd5 18. Bd3 Kh8 19. Nc5 Bc8 20. Rfe1 Qf6 21. b5 Nxe3 22. fxe3 Na5 23. Rf1 Qd6 24. Ne4 Qxa3 25. Neg5 Rf8 26. Qe2 f5 27. Ne5 hxg5 28. Ng6+ Kg8 29. Qh5 c6 30. h4 gxh4 31. bxc6 Be6 32. Qh8+ Kf7 33. Qh5 Kg8 34. Qh8+ Kf7 35. Qh7 Nxc6 36. Bxf5 Qxe3+ 37. Kh1 Qh6 38. Bh3+ Ke8 39. Bxe6 Rh8 40. Qxh6 gxh6 41. d5 Ne5 42. Nxe5 Ke7 43. Rde1 Kd6 44. Nf7+ Kc7 45. d6+ Rxd6 46. Rc1+ Rc6 47. Nxh8 Kd6 48. Rce1 Bc5 49. Nf7+ Kc7 50. Bd5 Rg6 51. Rc1 b6 52. Rfe1 Kc8 53. Re7 1-0

[Event "RA-2019-0-00632"]
[Site "LSS email"]
[Date "2019.08.20"]
[Round "?"]
[White "Massie, James"]
[Black "Willmann, Bernd"]
[Result "1/2-1/2"]
[WhiteElo "2039"]
[BlackElo "2275"]
[PlyCount "50"]
[EventDate "2019.07.13"]
[EventType "tourn (corr)"]
[EventRounds "6"]
[EventCountry "GER"]
[SourceTitle "Corr 2022"]
[Source "ChessBase"]
[SourceDate "2021.10.24"]
[SourceVersion "1"]
[SourceVersionDate "2021.10.24"]
[SourceQuality "1"]

1. e4 c5 2. Nf3 Nc6 3. d4 cxd4 4. Nxd4 Nf6 5. Nc3 e5 6. Ndb5 d6 7. Bg5 a6 8. Na3 b5 9. Nd5 Be7 10. Bxf6 Bxf6 11. c3 Bg5 12. Nc2 Ne7 13. Ncb4 0-0 14. a4 Nxd5 15. Nxd5 Be6 16. h4 Bh6 17. axb5 axb5 18. Bxb5 Bxd5 19. exd5 Rxa1 20. Qxa1 e4 21. Qa4 Qb6 22. g3 g6 23. 0-0 Bg7 24. Kg2 Rb8 25. Bd7 Qxb2 1/2-1/2

[Event "RA-2019-0-00632"]
[Site "LSS email"]
[Date "2019.08.20"]
[Round "?"]
[White "Orlov, Vladimir"]
[Black "Massie, James"]
[Result "1/2-1/2"]
[WhiteElo "2195"]
[BlackElo "2039"]
[PlyCount "103"]
[EventDate "2019.07.13"]
[EventType "tourn (corr)"]
[EventRounds "6"]
[EventCountry "GER"]
[SourceTitle "Corr 2022"]
[Source "ChessBase"]
[SourceDate "2021.10.24"]
[SourceVersion "1"]
[SourceVersionDate "2021.10.24"]
[SourceQuality "1"]

1. e4 c5 2. Nf3 d6 3. d4 cxd4 4. Nxd4 Nf6 5. Nc3 Nc6 6. Bg5 e6 7. Qd2 Be7 8. 0-0-0 0-0 9. f4 Nxd4 10. Qxd4 Qa5 11. e5 dxe5 12. Qxe5 Qxe5 13. fxe5 Nd5 14. Bxe7 Nxe7 15. Bd3 b6 16. Be4 Rb8 17. Rhe1 a5 18. Nb5 Bb7 19. Bxb7 Rxb7 20. b3 Rbb8 21. Rd7 Ng6 22. Nd6 Rfd8 23. Rxd8+ Rxd8 24. Nc4 Rb8 25. Rd1 h5 26. Kb2 Kf8 27. Rd7 b5 28. Nxa5 Nxe5 29. Rd2 f6 30. b4 h4 31. a4 bxa4 32. Ka3 Ke7 33. c4 Rd8 34. Rc2 Rd4 35. Kxa4 Kd6 36. Kb5 Kc7 37. Nb3 Rd8 38. Nc5 Rd6 39. h3 Nc6 40. Ra2 e5 41. Ka4 Rd1 42. b5 Nd4 43. Nb3 Kd6 44. c5+ Kd5 45. c6 Nxc6 46. bxc6 Kxc6 47. Kb4 Kd5 48. Kc3 f5 49. Ra7 Ke4 50. Rxg7 Kf4 51. Rg6 Rd8 52. Na5 1/2-1/2

[Event "RB-2019-0-00372"]
[Site "LSS email"]
[Date "2019.06.18"]
[Round "?"]
[White "Gazen, Louis"]
[Black "Massie, James"]
[Result "1/2-1/2"]
[WhiteElo "1974"]
[BlackElo "2038"]
[PlyCount "49"]
[EventDate "2019.01.11"]
[EventType "tourn (corr)"]
[EventRounds "6"]
[EventCountry "GER"]
[SourceTitle "Corr 2022"]
[Source "ChessBase"]
[SourceDate "2021.10.24"]
[SourceVersion "1"]
[SourceVersionDate "2021.10.24"]
[SourceQuality "1"]

1. e4 e6 2. d4 d5 3. e5 c5 4. c3 Nc6 5. Nf3 Qb6 6. Be2 Nh6 7. 0-0 cxd4 8. Bxh6 dxc3 9. Nxc3 gxh6 10. Rc1 Bg7 11. Na4 Qa5 12. Re1 0-0 13. Bd3 f6 14. exf6 Rxf6 15. a3 Qd8 16. Nc5 e5 17. Nxe5 Nxe5 18. Rxe5 Rxf2 19. Rh5 Rf7 20. b4 b6 21. Be4 Bg4 22. Qxg4 dxe4 23. Rd1 Qe7 24. Nxe4 Re8 25. Rh4 1/2-1/2

[Event "RB-2019-0-00370"]
[Site "LSS email"]
[Date "2019.03.05"]
[Round "?"]
[White "Sundqvist, Christer"]
[Black "Massie, James"]
[Result "1/2-1/2"]
[WhiteElo "1947"]
[BlackElo "2051"]
[PlyCount "59"]
[EventDate "2018.12.20"]
[EventType "tourn (corr)"]
[EventRounds "6"]
[EventCountry "GER"]
[SourceTitle "Corr 2022"]
[Source "ChessBase"]
[SourceDate "2021.10.24"]
[SourceVersion "1"]
[SourceVersionDate "2021.10.24"]
[SourceQuality "1"]

1. d4 d5 2. c4 e6 3. Nc3 Nf6 4. Bg5 Be7 5. cxd5 exd5 6. e3 c6 7. Bd3 Nbd7 8. Qc2 Nh5 9. Bxe7 Qxe7 10. 0-0-0 Nb6 11. Kb1 g6 12. h3 Be6 13. Nf3 Ng7 14. g4 0-0-0 15. Na4 Nd7 16. Qb3 Ne8 17. Rc1 Nd6 18. Ba6 Nb8 19. Bd3 h5 20. g5 Nd7 21. h4 Nc4 22. Ka1 Kb8 23. Qc2 Rhe8 24. Ne1 Nd6 25. Ng2 Bf5 26. Nf4 Bxd3 27. Nxd3 Ka8 28. Nf4 Rc8 29. Nc3 Nb6 30. b3 1/2-1/2

[Event "RB-2019-0-00370"]
[Site "LSS email"]
[Date "2019.03.05"]
[Round "?"]
[White "Van Bommel, Ton"]
[Black "Massie, James"]
[Result "1/2-1/2"]
[WhiteElo "2122"]
[BlackElo "2051"]
[PlyCount "92"]
[EventDate "2018.12.20"]
[EventType "tourn (corr)"]
[EventRounds "6"]
[EventCountry "GER"]
[SourceTitle "Corr 2022"]
[Source "ChessBase"]
[SourceDate "2021.10.24"]
[SourceVersion "1"]
[SourceVersionDate "2021.10.24"]
[SourceQuality "1"]

1. e4 e5 2. Nf3 Nc6 3. Bb5 a6 4. Ba4 Nf6 5. 0-0 d6 6. c3 Bd7 7. Re1 Be7 8. h3 0-0 9. Bc2 Re8 10. d4 Bf8 11. Be3 exd4 12. cxd4 Nb4 13. Nc3 Nxc2 14. Qxc2 h6 15. e5 dxe5 16. dxe5 Nh7 17. Rad1 Qc8 18. Nd5 Bc6 19. Rd4 Rd8 20. Red1 Rd7 21. Nc3 Re7 22. Nd5 Rd7 23. a3 Qe8 24. R1d2 Rc8 25. Kh2 Rcd8 26. Qd1 Bxd5 27. Rxd5 Rxd5 28. Rxd5 Rxd5 29. Qxd5 c6 30. Qd4 Qe6 31. Qd8 Qb3 32. Qd4 Qe6 33. Qd8 Qb3 34. Bd4 c5 35. Bxc5 Qxb2 36. Qb8 Qc1 37. Bd6 Qf4+ 38. Kh1 Qc1+ 39. Ng1 Qc6 40. Kh2 Qe4 41. Qc8 Qf4+ 42. Kh1 Qxf2 43. Qxb7 a5 44. Qa8 Qd2 45. Qd8 Qe1 46. a4 Qd2 1/2-1/2

[Event "RB-2018-0-00363"]
[Site "LSS email"]
[Date "2018.11.01"]
[Round "?"]
[White "Massie, James"]
[Black "Pilgram, Kurt"]
[Result "0-1"]
[WhiteElo "2062"]
[BlackElo "2116"]
[PlyCount "102"]
[EventDate "2018.05.22"]
[EventType "tourn (corr)"]
[EventRounds "6"]
[EventCountry "GER"]
[SourceTitle "Corr 2022"]
[Source "ChessBase"]
[SourceDate "2021.10.24"]
[SourceVersion "1"]
[SourceVersionDate "2021.10.24"]
[SourceQuality "1"]

1. f3 e5 2. e4 Bc5 3. c3 Nc6 4. b4 Bb6 5. a4 a6 6. Na3 Ba7 7. Bc4 Nge7 8. Qb3 0-0 9. Bb2 Ng6 10. g3 Qf6 11. 0-0-0 Nce7 12. Be2 c6 13. h4 h5 14. c4 d5 15. a5 Be6 16. c5 dxe4 17. Nc4 e3 18. dxe3 Nf5 19. Rh3 Rad8 20. Rf1 Qe7 21. Qc3 Bb8 22. g4 hxg4 23. fxg4 Nfxh4 24. Nf3 Bxg4 25. Nfxe5 Bxe5 26. Nxe5 Nxe5 27. Bxg4 Nd3+ 28. Kc2 Nxb2 29. Kxb2 Qe4 30. Rg1 Ng6 31. Be2 Rfe8 32. Rhg3 Kf8 33. Ka3 Re5 34. Ka4 Rf5 35. R1g2 Qe5 36. Qxe5 Rxe5 37. Bc4 Nh4 38. Rh2 Nf5 39. Rf3 Rd7 40. Rh8+ Ke7 41. Bxf7 Kxf7 42. e4 Rxe4 43. Rxf5+ Ke6 44. Rf1 Rdd4 45. Re8+ Kd5 46. Rxe4 Rxe4 47. Rg1 Re7 48. Ka3 Ke6 49. Kb3 Kf7 50. Kc3 Rd7 51. Rf1+ Kg8 0-1

[Event "RB-2018-0-00363"]
[Site "LSS email"]
[Date "2018.10.30"]
[Round "?"]
[White "Langheld, Werner"]
[Black "Massie, James"]
[Result "1/2-1/2"]
[WhiteElo "1906"]
[BlackElo "2062"]
[PlyCount "71"]
[EventDate "2018.05.22"]
[EventType "tourn (corr)"]
[EventRounds "6"]
[EventCountry "GER"]
[SourceTitle "Corr 2022"]
[Source "ChessBase"]
[SourceDate "2021.10.24"]
[SourceVersion "1"]
[SourceVersionDate "2021.10.24"]
[SourceQuality "1"]

1. e4 b6 2. d4 Bb7 3. Bg5 h6 4. Bh4 Bxe4 5. d5 g5 6. Nc3 Nf6 7. Nxe4 Nxe4 8. Qf3 gxh4 9. Qxe4 Bg7 10. 0-0-0 c6 11. Nf3 a6 12. Ne5 d6 13. dxc6 Bxe5 14. c7 Qxc7 15. Qxa8 b5 16. Qe4 Nd7 17. Qxh4 Nc5 18. c3 Bf6 19. Qg4 e6 20. Kb1 Ke7 21. h4 Rb8 22. Rh3 d5 23. Rc1 a5 24. Rf3 Qe5 25. Re3 Qd6 26. Rd1 b4 27. c4 d4 28. Qh5 a4 29. Rf3 Ne4 30. Qxh6 b3 31. a3 Rh8 32. Qf4 Rxh4 33. Qxd6+ Kxd6 34. g3 Rh6 35. Rf4 Nc5 36. Rxf6 1/2-1/2

[Event "RB-2018-0-00363"]
[Site "LSS email"]
[Date "2018.10.20"]
[Round "?"]
[White "Koronowski, Heinz Juergen"]
[Black "Massie, James"]
[Result "1/2-1/2"]
[WhiteElo "2066"]
[BlackElo "2062"]
[PlyCount "110"]
[EventDate "2018.05.22"]
[EventType "tourn (corr)"]
[EventRounds "6"]
[EventCountry "GER"]
[SourceTitle "Corr 2022"]
[Source "ChessBase"]
[SourceDate "2021.10.24"]
[SourceVersion "1"]
[SourceVersionDate "2021.10.24"]
[SourceQuality "1"]

1. e4 Nc6 2. d4 d5 3. e5 f6 4. f4 Nh6 5. Nf3 Bg4 6. Be2 e6 7. c3 Be7 8. 0-0 Qd7 9. h3 Bxf3 10. Rxf3 Nf5 11. Nd2 0-0 12. Bd3 g6 13. Rf2 fxe5 14. fxe5 Nd8 15. Nf3 c5 16. Bd2 Qc7 17. Bxf5 exf5 18. Bh6 Re8 19. Qb3 Qc6 20. Rd1 Ne6 21. Rff1 Red8 22. h4 Rac8 23. Bg5 Nxg5 24. hxg5 c4 25. Qc2 b5 26. Rde1 Qe6 27. a3 a5 28. Qd2 Rf8 29. Qf4 b4 30. axb4 axb4 31. Ra1 Ra8 32. Kh2 Ra6 33. Rxa6 Qxa6 34. Ng1 Ra8 35. Nh3 Qe6 36. Qf3 Ra5 37. Re1 Kg7 38. Nf4 Qc6 39. Qg3 Kg8 40. Qh4 Qb7 41. Re3 bxc3 42. bxc3 Bd8 43. Re2 Qe7 44. Nh3 Qa3 45. Qg3 Rb5 46. Nf4 Be7 47. e6 Rb1 48. Qf3 Qc1 49. g3 Kg7 50. Kh3 Rb5 51. Nxd5 Qxg5 52. Nxe7 Rb1 53. Nxf5+ gxf5 54. Qf4 Qh5+ 55. Qh4 Rh1+ 1/2-1/2

[Event "RA-2018-0-00564"]
[Site "LSS email"]
[Date "2018.02.11"]
[Round "?"]
[White "Massie, James"]
[Black "Luers, Lavas"]
[Result "1/2-1/2"]
[WhiteElo "2044"]
[BlackElo "2111"]
[PlyCount "118"]
[EventDate "2018.01.08"]
[EventType "tourn (corr)"]
[EventRounds "6"]
[EventCountry "GER"]
[SourceTitle "Corr 2022"]
[Source "ChessBase"]
[SourceDate "2021.10.24"]
[SourceVersion "1"]
[SourceVersionDate "2021.10.24"]
[SourceQuality "1"]

1. e4 c5 2. Nf3 d6 3. d4 cxd4 4. Nxd4 Nf6 5. Nc3 a6 6. h3 g6 7. g4 Bg7 8. Bg2 0-0 9. Be3 Nc6 10. Qd2 Nd7 11. 0-0-0 Nb6 12. b3 Bd7 13. f4 Rc8 14. Nxc6 Bxc6 15. Bd4 e5 16. fxe5 Bxe5 17. Kb1 Qc7 18. Bxe5 dxe5 19. Nd5 Bxd5 20. exd5 Rfd8 21. c4 Qd6 22. Rhf1 Re8 23. g5 Nd7 24. Qf2 Re7 25. h4 b5 26. cxb5 axb5 27. h5 e4 28. hxg6 Qxg6 29. Qe3 b4 30. d6 Ree8 31. Rf4 Rc3 32. Qd4 e3+ 33. Be4 Qg7 34. Qxg7+ Kxg7 35. Bf5 Nc5 36. d7 Nxd7 37. Bxd7 Rd3 38. Bg4 Rxd1+ 39. Bxd1 e2 40. Bxe2 Rxe2 41. Rxb4 Kg6 42. Rb5 Re8 43. a4 Rh8 44. a5 f5 45. gxf6 h5 46. a6 h4 47. a7 Ra8 48. Rb4 h3 49. Rh4 Kxf6 50. Rxh3 Ke5 51. Rh7 Kd5 52. Rc7 Ke5 53. b4 Kd6 54. Rh7 Kc6 55. b5+ Kxb5 56. Rh5+ Kb6 57. Rh6+ Kxa7 58. Rh2 Rb8+ 59. Rb2 Rxb2+ 1/2-1/2

[Event "RA-2018-0-00564"]
[Site "LSS email"]
[Date "2018.02.11"]
[Round "?"]
[White "Vaassen, Jack M"]
[Black "Massie, James"]
[Result "1/2-1/2"]
[WhiteElo "2157"]
[BlackElo "2044"]
[PlyCount "69"]
[EventDate "2018.01.08"]
[EventType "tourn (corr)"]
[EventRounds "6"]
[EventCountry "GER"]
[SourceTitle "Corr 2022"]
[Source "ChessBase"]
[SourceDate "2021.10.24"]
[SourceVersion "1"]
[SourceVersionDate "2021.10.24"]
[SourceQuality "1"]

1. e4 e5 2. Nf3 Nc6 3. Bb5 a6 4. Ba4 Nf6 5. d4 exd4 6. 0-0 Be7 7. Re1 b5 8. Bb3 d6 9. Bd5 Nxd5 10. exd5 Ne5 11. Nxd4 0-0 12. Nc3 Bg4 13. f3 Bd7 14. f4 b4 15. Ne4 Ng4 16. Bd2 a5 17. Qf3 Bh4 18. g3 f5 19. Ne6 Bxe6 20. dxe6 Be7 21. Nf2 Nxf2 22. Kxf2 d5 23. Rad1 c5 24. Re5 d4 25. Rde1 g6 26. Rd5 Qc8 27. Rd7 Re8 28. Qd5 Ra6 29. Qe5 h5 30. h3 Qa8 31. c3 Qc6 32. cxd4 cxd4 33. Rd5 d3 34. Rxd3 Qc5+ 35. Qxc5 1/2-1/2

[Event "RB-2017-0-00349"]
[Site "LSS email"]
[Date "2017.10.13"]
[Round "?"]
[White "Figura, Atila Gajo"]
[Black "Massie, James"]
[Result "1/2-1/2"]
[WhiteElo "1923"]
[BlackElo "2033"]
[PlyCount "43"]
[EventDate "2017.08.21"]
[EventType "tourn (corr)"]
[EventRounds "6"]
[EventCountry "GER"]
[SourceTitle "Corr 2022"]
[Source "ChessBase"]
[SourceDate "2021.10.24"]
[SourceVersion "1"]
[SourceVersionDate "2021.10.24"]
[SourceQuality "1"]

1. d4 d5 2. c4 dxc4 3. Nf3 Nf6 4. e3 e6 5. Bxc4 c5 6. Bb3 a6 7. 0-0 Be7 8. dxc5 Qxd1 9. Bxd1 Bxc5 10. b3 Nbd7 11. Ne1 b6 12. Bf3 Rb8 13. Bb2 Bb7 14. Bxb7 Rxb7 15. Nd3 Be7 16. Nd2 0-0 17. Rac1 Nd5 18. e4 Nb4 19. Nxb4 Bxb4 20. Rfd1 Nf6 21. Bxf6 gxf6 22. Nf1 1/2-1/2

[Event "RB-2017-0-00349"]
[Site "LSS email"]
[Date "2017.10.13"]
[Round "?"]
[White "Massie, James"]
[Black "Benassi, Aspasio"]
[Result "1-0"]
[WhiteElo "2033"]
[BlackElo "1980"]
[PlyCount "37"]
[EventDate "2017.08.21"]
[EventType "tourn (corr)"]
[EventRounds "6"]
[EventCountry "GER"]
[SourceTitle "Corr 2022"]
[Source "ChessBase"]
[SourceDate "2021.10.24"]
[SourceVersion "1"]
[SourceVersionDate "2021.10.24"]
[SourceQuality "1"]

1. e4 e5 2. Bc4 Nf6 3. d4 exd4 4. Nf3 Nxe4 5. Qxd4 Nf6 6. Nc3 c6 7. Bg5 d5 8. 0-0-0 Be7 9. Qh4 0-0 10. Bd3 h6 11. Rde1 hxg5 12. Nxg5 g6 13. Qh6 Bd6 14. h4 Bf5 15. Bxf5 gxf5 16. g4 fxg4 17. Rhg1 Bf4+ 18. Kd1 g3 19. Ne2 1-0

[Event "SB-2017-0-00507"]
[Site "LSS email"]
[Date "2017.08.12"]
[Round "?"]
[White "Massie, James"]
[Black "Ilyin, Igor"]
[Result "1/2-1/2"]
[WhiteElo "2033"]
[BlackElo "2104"]
[PlyCount "46"]
[EventDate "2017.07.07"]
[EventType "tourn (corr)"]
[EventRounds "6"]
[EventCountry "GER"]
[SourceTitle "Corr 2022"]
[Source "ChessBase"]
[SourceDate "2021.10.24"]
[SourceVersion "1"]
[SourceVersionDate "2021.10.24"]
[SourceQuality "1"]

1. e4 e5 2. Nc3 Nf6 3. Bc4 Nxe4 4. Qh5 Nd6 5. Bb3 Be7 6. Nf3 Nc6 7. Nxe5 g6 8. Nxc6 dxc6 9. Qf3 0-0 10. 0-0 Nf5 11. d3 Nd4 12. Qd1 Bf5 13. Ne4 Re8 14. Re1 Nxb3 15. axb3 Bxe4 16. Rxe4 Bd6 17. Rxe8+ Qxe8 18. g3 a6 19. Bd2 Qd7 20. Bc3 Re8 21. Qd2 Qe7 22. Kf1 f6 23. Re1 Qxe1+ 1/2-1/2

[Event "RB-2017-0-00339"]
[Site "LSS email"]
[Date "2017.05.28"]
[Round "?"]
[White "Massie, James"]
[Black "Alexandre Bisquert, Francisco"]
[Result "1/2-1/2"]
[WhiteElo "2053"]
[BlackElo "1958"]
[PlyCount "48"]
[EventDate "2017.03.03"]
[EventType "tourn (corr)"]
[EventRounds "6"]
[EventCountry "GER"]
[SourceTitle "Corr 2022"]
[Source "ChessBase"]
[SourceDate "2021.10.24"]
[SourceVersion "1"]
[SourceVersionDate "2021.10.24"]
[SourceQuality "1"]

1. d4 Nf6 2. Nf3 e6 3. Bg5 c5 4. c3 d5 5. e3 Be7 6. Nbd2 0-0 7. Bd3 b6 8. Ne5 Bb7 9. Qf3 Nfd7 10. Qh3 f5 11. Bxe7 Qxe7 12. f4 Nxe5 13. dxe5 Nc6 14. 0-0 g5 15. Qh5 g4 16. h3 gxh3 17. Nf3 Rf7 18. gxh3 Rg7+ 19. Kf2 Kh8 20. Rg1 Rag8 21. Rxg7 Rxg7 22. Rg1 Rxg1 23. Kxg1 Kg7 24. Kf2 Nd8 1/2-1/2

[Event "RB-2017-0-00339"]
[Site "LSS email"]
[Date "2017.05.27"]
[Round "?"]
[White "Hlavacek, Ladislav"]
[Black "Massie, James"]
[Result "1-0"]
[WhiteElo "1946"]
[BlackElo "2053"]
[PlyCount "83"]
[EventDate "2017.03.03"]
[EventType "tourn (corr)"]
[EventRounds "6"]
[EventCountry "GER"]
[SourceTitle "Corr 2022"]
[Source "ChessBase"]
[SourceDate "2021.10.24"]
[SourceVersion "1"]
[SourceVersionDate "2021.10.24"]
[SourceQuality "1"]

1. Nf3 f5 2. c4 b5 3. cxb5 a6 4. e3 Nf6 5. a4 e6 6. b3 c6 7. bxa6 Bxa6 8. Bxa6 Nxa6 9. 0-0 Be7 10. d4 0-0 11. Ba3 Rb8 12. Bxe7 Qxe7 13. Qe2 Nb4 14. Rc1 Ne4 15. Nbd2 Nf6 16. Ne5 Ra8 17. f3 Rfb8 18. a5 Rb5 19. Ndc4 d5 20. Nb6 Raxa5 21. Na4 Qc7 22. Qd2 h6 23. Qc3 c5 24. dxc5 Ne8 25. h3 Kh7 26. c6 Ra8 27. Nd7 Qd6 28. Qe5 Qxe5 29. Nxe5 Nc7 30. g3 Rba5 31. Rab1 Nb5 32. Rc5 Nc7 33. Rxa5 Rxa5 34. Rc1 Kg8 35. g4 Ra8 36. Kg2 fxg4 37. hxg4 Kf8 38. Kh3 Na2 39. Rd1 Ke7 40. Kh4 Rb8 41. Nc5 Rb4 42. Ra1 1-0

[Event "RA-2016-0-00485"]
[Site "LSS email"]
[Date "2016.12.02"]
[Round "?"]
[White "Massie, James"]
[Black "Misericordia, Antonio"]
[Result "1/2-1/2"]
[WhiteElo "2014"]
[BlackElo "2324"]
[PlyCount "41"]
[EventDate "2016.11.05"]
[EventType "tourn (corr)"]
[EventRounds "6"]
[EventCountry "GER"]
[SourceTitle "Corr 2022"]
[Source "ChessBase"]
[SourceDate "2021.10.24"]
[SourceVersion "1"]
[SourceVersionDate "2021.10.24"]
[SourceQuality "1"]

1. e4 c5 2. Na3 a6 3. c3 b5 4. d4 Bb7 5. Bd3 Nf6 6. f3 e6 7. Nc2 Be7 8. Be3 Qc7 9. Nh3 d6 10. Qd2 0-0 11. 0-0 Rc8 12. Rfc1 h6 13. b3 Nc6 14. Nf4 Qd8 15. d5 exd5 16. Nxd5 Nxd5 17. exd5 Ne5 18. Bf5 Rc7 19. Bxh6 gxh6 20. Qxh6 Bf6 21. Bh7+ 1/2-1/2